|
|
|
|
| LEADER |
01132nam a22002657a 4500 |
| 001 |
38121 |
| 003 |
BD-DhAAL |
| 005 |
20220316164816.0 |
| 008 |
220316t1995 ii a|||| |||| 001 0 ben d |
| 999 |
|
|
|c 43806
|d 43806
|
| 020 |
|
|
|a 8186383123
|
| 040 |
|
|
|a BD-DhAAL
|
| 041 |
|
|
|a BEN
|
| 082 |
|
|
|a 330.03
|2 21
|
| 100 |
|
|
|a ভুক্ত, অনিন্দ্য
|9 47111
|
| 245 |
|
|
|a অর্থশাস্ত্র অভিধান /
|c অনিন্দ্য ভুক্ত
|
| 260 |
|
|
|a কলকাতা :
|b প্রগ্রেসিভ পাবলিশার্স,
|c ১৯৯৫
|
| 300 |
|
|
|a ২০৮ পৃষ্ঠা :
|b চিএ ;
|c ২১ সে.মি.
|
| 500 |
|
|
|a নিঘন্ট অন্তভূক্ত ।
|
| 541 |
|
|
|a Donated by Akbar Ali Khan
|e 38121
|
| 650 |
|
|
|a Economics
|v Dictionaries
|9 47112
|
| 650 |
|
|
|a Business
|v Dictionaries.
|9 47113
|
| 852 |
|
|
|a Ayesha Abed Library
|c Akbar Ali Khan Collection
|
| 942 |
|
|
|2 ddc
|c BK
|
| 952 |
|
|
|0 0
|1 0
|2 ddc
|4 0
|6 330_030000000000000_VOK
|7 1
|9 70175
|a BRACUL
|b BRACUL
|c AAKC
|d 2022-03-16
|e Donated by Akbar Ali Khan
|l 0
|o 330.03 VOK
|p 3010038121
|r 2022-03-16
|t 1
|w 2022-03-16
|y BK
|